Quest for Gender Justice (Record no. 8159)

MARC details
000 -LEADER
fixed length control field 00632nam a2200241 a 4500
020 ## - INTERNATIONAL STANDARD BOOK NUMBER
ISBN 8185427
082 00 - DEWEY DECIMAL CLASSIFICATION NUMBER
Classification number 305.40954
Author Cutter RAJ1
100 ## - MAIN ENTRY--AUTHOR NAME
Author name Raj, Sebasti
245 ## - TITLE STATEMENT
Title Quest for Gender Justice
Sub title a Critique of the Status of Women in India.
260 ## - PUBLICATION, DISTRIBUTION, ETC. (IMPRINT)
Place of publication Madras
Name of publisher Satya Nilayam Publications
Year of publication 1991
300 ## - PHYSICAL DESCRIPTION
Number of Pages 245p
500 ## - GENERAL NOTE
General note includes index and biblioraphy
505 2# - FORMATTED CONTENTS NOTE
Formatted contents note Index
650 ## - SUBJECT ADDED ENTRY--TOPICAL TERM
Topical Term Women-India
942 ## - ADDED ENTRY ELEMENTS (KOHA)
Koha item type Books
700 1# -
-- Raj, Sebasti
Holdings
Collection code Home library Current library Date acquired Cost, normal purchase price Full call number Accession Number Koha item type
  Henry Martyn Institute Library Henry Martyn Institute Library 03/21/2007 225.00 305.40954 RAJ1 014165 Books
                   Copyright © 2026 | Henry Martyn Institute | Hyderabad | TS-500052 | INDIA | Implemented by hmi.edu.in
Hit-Count:

Powered by Koha